Agenda temática para la conservación y uso sostenible de parientes silvestres de cultivos de importancia para la alimentación en Colombia : (Registro nro. 7343)
[ vista simple ]
| 000 -CABECERA | |
|---|---|
| Campo de control | 01218nam a22002897a 4500 |
| 005 - FECHA Y HORA DE LA ULTIMA TRANSACCION | |
| Campo de control | 20160808125247.0 |
| 008 - ELEMENTOS DE LONGITUD FIJA—INFORMACION GENERAL | |
| Campo de control | 130314s2011 ck ab gr 00010 spa d |
| 020 ## - ISBN | |
| ISBN | 9789588343587 |
| 040 ## - FUENTE DE CATALOGACIÓN | |
| Agencia catalogadora original | CO-BoIAVH |
| Agencia transcriptora | CO-BoIAVH |
| 041 0# - IDIOMA | |
| Código de idioma para texto/pista de sonido o título separado | Español |
| 043 ## - GEOGRAPHIC AREA CODE | |
| Geographic area code | s-ck--- |
| 044 ## - PAÍS DE PUBLICACIÓN | |
| País de publicación | Colombia |
| 082 04 - NUMERO DE CLASIFICACION DECIMAL DEWEY | |
| Número de clasificación | 363.8 |
| Número del ítem | L84a |
| 100 1# - ASIENTO PRINCIPAL--NOMBRE PERSONAL | |
| Nombre personal | Londoño Zárate, Carolina. |
| 9 (RLIN) | 302 |
| 245 10 - MENCION DE TITULO | |
| Título | Agenda temática para la conservación y uso sostenible de parientes silvestres de cultivos de importancia para la alimentación en Colombia : |
| Parte restante del título | estrategia nacional para la conservación de plantas / |
| Mención de responsabilidad | Carolina Londoño Zárate ; revisión Hernando García. |
| 260 ## - PUBLICACION, DISTRIBUCION, ETC. (PIE DE IMPRENTA) | |
| Lugar de publicación, distribución, etc. | Bogotá : |
| Nombre del editor, distribuidor, etc. | Ministerio de Ambiente, Vivienda y Desarrollo Territorial : |
| -- | Instituto Humboldt, |
| Fecha de publicación, distribución, etc. | 2011. |
| 300 ## - DESCRIPCION FISICA | |
| Extensión | 60 p. : |
| Otros detalles físicos | il., mapa ; |
| Dimensiones | 21 cm. |
| 504 ## - NOTA DE BIBLIOGRAFIA, ETC. | |
| Nota de bibliografía | Incluye bibliografía. |
| 650 #4 - ASIENTO SECUNDARIO DE MATERIA - TERMINO TEMATICO | |
| Término temático o nombre geográfico como elemento de entrada | Abastecimiento de alimentos |
| Subdivisión geográfica | Colombia. |
| 9 (RLIN) | 40227 |
| 650 #4 - ASIENTO SECUNDARIO DE MATERIA - TERMINO TEMATICO | |
| Término temático o nombre geográfico como elemento de entrada | Agricultura |
| Subdivisión geográfica | Colombia. |
| 9 (RLIN) | 40228 |
| 650 #4 - ASIENTO SECUNDARIO DE MATERIA - TERMINO TEMATICO | |
| Término temático o nombre geográfico como elemento de entrada | Seguridad alimenticia |
| Subdivisión geográfica | Colombia. |
| 9 (RLIN) | 40229 |
| 650 #4 - ASIENTO SECUNDARIO DE MATERIA - TERMINO TEMATICO | |
| Término temático o nombre geográfico como elemento de entrada | Producción alimenticia |
| Subdivisión geográfica | Colombia. |
| 9 (RLIN) | 40230 |
| 650 #4 - ASIENTO SECUNDARIO DE MATERIA - TERMINO TEMATICO | |
| Término temático o nombre geográfico como elemento de entrada | Diversidad biológica |
| Subdivisión geográfica | Colombia. |
| 9 (RLIN) | 40231 |
| 700 1# - ASIENTO SECUNDARIO - NOMBRE PERSONAL | |
| 9 (RLIN) | 298 |
| Nombre personal | García, Hernando |
| Término de relación | rev. |
| 942 ## - ELEMENTOS ADICIONALES (KOHA) | |
| Sistema de clasificación | Dewey Decimal Classification |
| Tipo de ítem | Libro |
| Koha issues (borrowed), all copies | 2 |
| 949 ## - LOCAL PROCESSING INFORMATION (OCLC) | |
| a | |
| Withdrawn status | Lost status | Sistema de Clasificación | Damaged status | No para préstamo | Colección | Inventariado | Ubicación Permanente | Ubicación actual | Fecha de adquisición | Fuente de Valor | Valor | Total Checkouts | Número topográfico | Inventario / Código de Barras | Date last seen | Ejemplar | Price effective from | Forma de adquisición | Tipo de material | Date checked out |
|---|---|---|---|---|---|---|---|---|---|---|---|---|---|---|---|---|---|---|---|---|
| Dewey Decimal Classification | Humboldt | Inventariado 2017 | Bogotá | Bogotá | 04/07/2013 | Instituto | 39000.00 | IAVH-363.8 L84a | 028574 | 04/07/2013 | Ej. 1 | 04/07/2013 | Institucional | Libro | ||||||
| Dewey Decimal Classification | Humboldt | Inventariado 2017 | Bogotá | Bogotá | 04/07/2013 | Instituto | 39000.00 | 1 | IAVH-363.8 L84a | 028575 | 13/02/2015 | Ej. 2 | 04/07/2013 | Institucional | Libro | 27/01/2015 | ||||
| Dewey Decimal Classification | Humboldt | Inventariado 2017 | Sala Fabio Quevedo | Sala Fabio Quevedo | 23/07/2014 | Instituto | 39000.00 | 1 | IAVH-363.8 L84a | 038174 | 05/02/2016 | Ej. 3 | 23/07/2014 | Institucional | Libro | 17/02/2015 |